000 00906nam a22002897a 4500
001 9299
003 FISKH
005 20251209134716.0
008 251209b cb ||||| |||| 00| 0 eng d
020 _a9780763653231
040 _aFISKH
_beng
_cFISKH
_dFISKH
050 _aPZ7.H83727 B
082 _a813.54
100 _aHowe, James
_eAuthor
245 _aBrontorina /
_cby James Howe ; illustrated by Randy Cecil
260 _aGuangdong :
_bCandlewick Press ;
_c2010
300 _a30 unnumbered pages :
_bcolor illustrations ;
_c27 cm
505 _aJ
520 _aDespite her size and not having the proper footwear, a determined dinosaur pursues her dream of becoming a ballerina.
521 8 _a470
_bLexile
521 8 _aJ
_bRaz-Plus
650 _aPicture book
_vDinosaurs
650 _aBallerina
_vDream
700 _aCecil, Randy
_eIllustrator
942 _2ddc
_cBK
_n0
999 _c9299
_d9299